Tile Select Quiz: NASCAR Tracks - Statistics

General Stats
  • This quiz has been taken 105 times
  • The average score is 107 of 160
Answer Stats
Question Tile Select % Correct
Which tracks are under 1.5 miles in length? Indianapolis No
99%
Which tracks are under 1.5 miles in length? Talladega No
98%
Which tracks are under 1.5 miles in length? Daytona No
97%
Which tracks are under 1.5 miles in length? Sonoma No
95%
Which tracks are under 1.5 miles in length? Watkins Glen No
95%
Which tracks are in a state that borders an ocean? Indianapolis No
91%
Which tracks are under 1.5 miles in length? Pocono No
91%
Which tracks are in a state that borders an ocean? Bristol No
87%
Which tracks are in a state that borders an ocean? Daytona Yes
87%
Which tracks are under 1.5 miles in length? Michigan No
87%
Which tracks have hosted playoff races? Sonoma No
87%
Which tracks are in a state that borders an ocean? Michigan No
86%
Which tracks are in a state that borders an ocean? Phoenix No
86%
Which tracks have hosted playoff races? Pocono No
86%
Which tracks are in a state that borders an ocean? Homestead-Miami Yes
84%
Which tracks have hosted playoff races? Indianapolis No
84%
Which tracks have hosted the season finale? Sonoma No
84%
Which tracks have hosted the season finale? Watkins Glen No
84%
Which tracks have either more or less than four named turns (i.e. doglegs don't count)? Atlanta No
83%
Which tracks are under 1.5 miles in length? Bristol Yes
83%
Which tracks have hosted the season finale? Bristol No
83%
Which tracks first held Cup races before 1965? Homestead-Miami No
83%
Which tracks have hosted the season finale? Indianapolis No
83%
Which tracks have hosted playoff races? Michigan No
83%
Which tracks have either more or less than four named turns (i.e. doglegs don't count)? New Hampshire No
83%
Which tracks have hosted the season finale? Pocono No
83%
Which tracks have either more or less than four named turns (i.e. doglegs don't count)? Richmond No
83%
Which tracks have hosted playoff races? Homestead-Miami Yes
81%
Which tracks are under 1.5 miles in length? Martinsville Yes
81%
Which tracks have either more or less than four named turns (i.e. doglegs don't count)? Martinsville No
81%
Which tracks have either more or less than four named turns (i.e. doglegs don't count)? Michigan No
81%
Which tracks first held Cup races before 1965? New Hampshire No
81%
Which tracks first held Cup races before 1965? Phoenix No
81%
Which tracks have hosted the season finale? Richmond No
81%
Which tracks first held Cup races before 1965? Sonoma No
81%
Which tracks have hosted the season finale? Talladega No
81%
Which tracks have either more or less than four named turns (i.e. doglegs don't count)? Darlington No
80%
Which tracks have hosted the season finale? Darlington No
80%
Which tracks have Richard Petty won at? Daytona Yes
80%
Which tracks have hosted the season finale? Michigan No
80%
Which tracks have colored walls/barriers (not purely white or black) New Hampshire No
80%
Which tracks have hosted playoff races? Phoenix Yes
80%
Which tracks have either more or less than four named turns (i.e. doglegs don't count)? Homestead-Miami No
79%
Which tracks have colored walls/barriers (not purely white or black) Indianapolis No
79%
Which tracks have hosted IndyCar/CART/USAC at some point? Martinsville No
79%
Which tracks are under 1.5 miles in length? Atlanta No
78%
Which tracks have either more or less than four named turns (i.e. doglegs don't count)? Bristol No
78%
Which tracks have hosted playoff races? Martinsville Yes
78%
Which tracks have colored walls/barriers (not purely white or black) Martinsville No
78%
Which tracks have hosted the season finale? Martinsville No
78%
Which tracks are in a state that borders an ocean? Pocono No
78%
Which tracks are under 1.5 miles in length? Richmond Yes
78%
Which tracks are in a state that borders an ocean? Sonoma Yes
78%
Which tracks have either more or less than four named turns (i.e. doglegs don't count)? Watkins Glen Yes
78%
Which tracks have Richard Petty won at? Atlanta Yes
77%
Which tracks have hosted playoff races? Bristol Yes
77%
Which tracks are under 1.5 miles in length? Charlotte No
77%
Which tracks have hosted playoff races? Charlotte Yes
77%
Which tracks have Richard Petty won at? Darlington Yes
77%
Which tracks first held Cup races before 1965? Michigan No
77%
Which tracks have hosted playoff races? Talladega Yes
77%
Which tracks have hosted IndyCar/CART/USAC at some point? Bristol No
76%
Which tracks have either more or less than four named turns (i.e. doglegs don't count)? Charlotte No
76%
Which tracks have hosted the season finale? Homestead-Miami Yes
76%
Which tracks first held Cup races before 1965? Pocono No
76%
Which tracks have either more or less than four named turns (i.e. doglegs don't count)? Talladega No
76%
Which tracks have Richard Petty won at? Charlotte Yes
74%
Which tracks have hosted playoff races? Darlington Yes
74%
Which tracks have either more or less than four named turns (i.e. doglegs don't count)? Daytona No
74%
Which tracks are under 1.5 miles in length? Homestead-Miami No
74%
Which tracks have colored walls/barriers (not purely white or black) Michigan No
74%
Which tracks are under 1.5 miles in length? New Hampshire Yes
74%
Which tracks have either more or less than four named turns (i.e. doglegs don't count)? Phoenix No
74%
Which tracks have colored walls/barriers (not purely white or black) Pocono No
74%
Which tracks have Richard Petty won at? Talladega Yes
74%
Which tracks have hosted IndyCar/CART/USAC at some point? Talladega No
74%
Which tracks first held Cup races before 1965? Daytona Yes
73%
Which tracks have hosted the season finale? Daytona No
73%
Which tracks have either more or less than four named turns (i.e. doglegs don't count)? Indianapolis No
73%
Which tracks first held Cup races before 1965? Indianapolis No
73%
Which tracks have hosted the season finale? Phoenix Yes
73%
Which tracks have either more or less than four named turns (i.e. doglegs don't count)? Sonoma Yes
73%
Which tracks have Richard Petty won at? Bristol Yes
72%
Which tracks have hosted IndyCar/CART/USAC at some point? Indianapolis Yes
72%
Which tracks have colored walls/barriers (not purely white or black) Talladega No
72%
Which tracks are in a state that borders an ocean? Charlotte Yes
71%
Which tracks have colored walls/barriers (not purely white or black) Daytona No
71%
Which tracks have Richard Petty won at? Martinsville Yes
71%
Which tracks are under 1.5 miles in length? Phoenix Yes
71%
Which tracks have Richard Petty won at? Sonoma No
71%
Which tracks have hosted playoff races? Watkins Glen No
71%
Which tracks first held Cup races before 1965? Darlington Yes
70%
Which tracks are located above latitude 40 degrees north? Atlanta No
69%
Which tracks have colored walls/barriers (not purely white or black) Bristol No
69%
Which tracks are located above latitude 40 degrees north? Homestead-Miami No
67%
Which tracks have hosted the season finale? Charlotte No
66%
Which tracks are located above latitude 40 degrees north? Phoenix No
66%
Which tracks have either more or less than four named turns (i.e. doglegs don't count)? Pocono Yes
66%
Which tracks are located above latitude 40 degrees north? Darlington No
65%
Which tracks have Richard Petty won at? Richmond Yes
65%
Which tracks are located above latitude 40 degrees north? Talladega No
65%
Which tracks are located above latitude 40 degrees north? Charlotte No
64%
Which tracks are in a state that borders an ocean? Darlington Yes
63%
Which tracks are located above latitude 40 degrees north? Daytona No
63%
Which tracks first held Cup races before 1965? Martinsville Yes
63%
Which tracks have hosted playoff races? Richmond Yes
63%
Which tracks have Richard Petty won at? Indianapolis No
62%
Which tracks first held Cup races before 1965? Talladega No
62%
Which tracks have hosted IndyCar/CART/USAC at some point? Watkins Glen Yes
62%
Which tracks have hosted playoff races? Daytona No
60%
Which tracks have Richard Petty won at? Homestead-Miami No
60%
Which tracks have Richard Petty won at? New Hampshire No
60%
Which tracks have Richard Petty won at? Phoenix No
60%
Which tracks are in a state that borders an ocean? Richmond Yes
59%
Which tracks have colored walls/barriers (not purely white or black) Sonoma No
59%
Which tracks are located above latitude 40 degrees north? Sonoma No
59%
Which tracks have Richard Petty won at? Watkins Glen No
59%
Which tracks have hosted playoff races? Atlanta Yes
57%
Which tracks are located above latitude 40 degrees north? New Hampshire Yes
57%
Which tracks have hosted IndyCar/CART/USAC at some point? Sonoma Yes
57%
Which tracks are in a state that borders an ocean? Watkins Glen Yes
57%
Which tracks have colored walls/barriers (not purely white or black) Charlotte Yes
56%
Which tracks are in a state that borders an ocean? Atlanta Yes
55%
Which tracks have colored walls/barriers (not purely white or black) Homestead-Miami Yes
55%
Which tracks are located above latitude 40 degrees north? Richmond No
55%
Which tracks are located above latitude 40 degrees north? Martinsville No
52%
Which tracks are located above latitude 40 degrees north? Michigan Yes
52%
Which tracks are located above latitude 40 degrees north? Watkins Glen Yes
52%
Which tracks have hosted the season finale? Atlanta Yes
51%
Which tracks are located above latitude 40 degrees north? Bristol No
51%
Which tracks are in a state that borders an ocean? Martinsville Yes
51%
Which tracks have hosted IndyCar/CART/USAC at some point? Michigan Yes
51%
Which tracks have Richard Petty won at? Pocono Yes
51%
Which tracks are under 1.5 miles in length? Darlington Yes
50%
Which tracks have hosted IndyCar/CART/USAC at some point? Pocono Yes
49%
Which tracks first held Cup races before 1965? Bristol Yes
47%
Which tracks are in a state that borders an ocean? New Hampshire Yes
44%
Which tracks are located above latitude 40 degrees north? Pocono Yes
44%
Which tracks are in a state that borders an ocean? Talladega Yes
44%
Which tracks first held Cup races before 1965? Charlotte Yes
43%
Which tracks have colored walls/barriers (not purely white or black) Phoenix Yes
43%
Which tracks have hosted playoff races? New Hampshire Yes
41%
Which tracks have colored walls/barriers (not purely white or black) Darlington Yes
37%
Which tracks have hosted IndyCar/CART/USAC at some point? Homestead-Miami Yes
37%
Which tracks have colored walls/barriers (not purely white or black) Watkins Glen Yes
37%
Which tracks have hosted IndyCar/CART/USAC at some point? Charlotte Yes
36%
Which tracks are located above latitude 40 degrees north? Indianapolis No
36%
Which tracks have hosted IndyCar/CART/USAC at some point? Phoenix Yes
35%
Which tracks have Richard Petty won at? Michigan No
34%
Which tracks have colored walls/barriers (not purely white or black) Atlanta Yes
33%
Which tracks first held Cup races before 1965? Richmond Yes
31%
Which tracks first held Cup races before 1965? Atlanta Yes
30%
Which tracks have hosted IndyCar/CART/USAC at some point? Daytona Yes
30%
Which tracks have hosted IndyCar/CART/USAC at some point? Atlanta Yes
27%
Which tracks have hosted IndyCar/CART/USAC at some point? Richmond Yes
27%
Which tracks have hosted IndyCar/CART/USAC at some point? New Hampshire Yes
26%
Which tracks have colored walls/barriers (not purely white or black) Richmond Yes
22%
Which tracks first held Cup races before 1965? Watkins Glen Yes
12%
Which tracks have hosted the season finale? New Hampshire Yes
10%
Which tracks have hosted IndyCar/CART/USAC at some point? Darlington Yes
1%
No matching quizzes found
Score Distribution
Percent of People with Each Score
Percentile by Number Answered
Your Score History
You have not taken this quiz